000 00755nam a22002297a 4500
003 UA-OsUOA
001 24070
007 ta
008 20040206b un ||||| |||| 00| 0 ukr d
090 _a329(477)
_bЄ33
942 _cBK
040 _aUA-OsUOA
_bukr
_cUA-OsUOA
_dUA-OsUOA
245 _aЄдино правильний шлях
_bВибрані матеріяли Першого Збору Конгресу Українських Націоналістів
_c570 Гол.роботи С.Стецько
300 _a104 с.
955 _a0
041 _aukr
080 _a329(477)
260 _aКиїв
_bВидання Конгресу Українських Націонілістів
_c1993
044 _aUA
650 7 _2UDC
999 _c310333
_d310333